000 00597nam a2200217Ia 4500
005 20260429112131.0
008 260429s9999||||xx |||||||||||||| ||und||
020 _a9788119808809
041 _aEnglish
082 _a294.50
_bTRI
100 _aTripathy, Byomakesh
245 0 _aRamakatha in Odishan art and culture /
_cByomakesh Tripathy
250 _a1st ed.
260 _aDelhi :
_bB. R. Publishing Corporation,
_c2024.
300 _axii, 123 p.; hb
650 _a Odisha
650 _a Rama
650 _aValmiki Ramayana
700 _a Garnayak, Dibishada Brajasundar
942 _cTB
999 _c52523
_d52523